| 000 | 00933nam a22002897a 4500 | ||
|---|---|---|---|
| 001 | 7774 | ||
| 003 | FISKH | ||
| 005 | 20250805160654.0 | ||
| 008 | 250805b cb ||||| |||| 00| 0 eng d | ||
| 020 | _a9780590441124 | ||
| 040 |
_aFISKH _beng _cFISKH _dFISKH |
||
| 050 | _aPZ7.R727 I | ||
| 082 | _a919.8 | ||
| 100 |
_aRoth, Arthur _d(1926–1993) |
||
| 245 |
_aThe iceberg hermit / _cArthur Roth |
||
| 250 | _aThis edition first published in 1974 | ||
| 260 |
_aNew York : _bScholastic, _c1974 |
||
| 300 |
_a219 pages : _c18 cm |
||
| 505 | _aZ | ||
| 520 | _aShipwrecked in 1757 on an iceberg in the Arctic seas with only an orphaned polar cub for companionship, seventeen-year-old Allan begins a seemingly hopeless struggle for survival. | ||
| 521 | 8 |
_a1060
_bLexile |
|
| 521 | 8 |
_aZ
_bRaz-Plus |
|
| 650 |
_2Survival _aAdventure |
||
| 650 |
_2Shipwrecks _aHistorical fiction |
||
| 942 |
_2ddc _cBK _n0 |
||
| 999 |
_c7774 _d7774 |
||